Odborný seminár znalcov Mestského súdu v Bratislave v odbore ekonomika, odvetvie ceny a odhady nehnuteľnosti
Gespeichert in:
| Format: | Buch |
|---|---|
| Sprache: | Slowakisch |
| Veröffentlicht: |
Bratislava
Dom techniky ČSVTS
1983
|
| Tags: |
Keine Tags, Fügen Sie das erste Tag hinzu!
|
MARC
| LEADER | 00000nam a2200000 4500 | ||
|---|---|---|---|
| 001 | c116371 | ||
| 005 | 20041019155204.4 | ||
| 041 | 0 | |a slo | |
| 044 | |a SK | ||
| 245 | 1 | 0 | |a Odborný seminár znalcov Mestského súdu v Bratislave v odbore ekonomika, odvetvie ceny a odhady nehnuteľnosti |
| 264 | 1 | |a Bratislava |b Dom techniky ČSVTS |c 1983 | |
| 300 | |a 81 s. | ||